The Korean journal of computational & applied mathematics

Detalles Bibliográficos
Nuevo Título:Journal of applied mathematics and computing
Autores Corporativos: Hanʼguk Chŏnsan Ŭngyong Suhakhoe, Korean SIGCAM
Formato: Electrónico Revista
Lenguaje:inglés
Publicado: Seoul : Korean SIGCAM. Korea Information Processing Society, -©2002.
Materias:
Acceso en línea:Full text available from Research Library: 03/01/1997 to 2002

MARC

LEADER 00000nas a2200000 a 4500
001 ssj0001722551
003 WaSeSS
005 20200512172242.0
006 m d
007 cr n
008 090319d199u2002ko tr pss 0 a0eng c
010 |a  2016268609 
035 |a (WaSeSS)ssj0001722551 
040 |a OSU  |b eng  |c OSU  |d OCLCQ  |d VPI  |d OCLCQ  |d OCLCE  |d OCLCQ  |d OCLCO  |d OCLCF  |d OCLCA  |d OCLCQ  |d SERSO  |d WaSeSS 
042 |a pcc 
050 4 |a QA1 
130 0 |a Korean journal of computational & applied mathematics (Online) 
245 1 4 |a The Korean journal of computational & applied mathematics  |h [electronic resource]. 
246 3 |a Korean journal of computational and applied mathematics 
260 |a Seoul :  |b Korean SIGCAM. Korea Information Processing Society,  |c -©2002. 
310 |a 3 no. a year,  |b 1998-2002 
321 |a Two no. a year,  |b <1996>-1997 
362 0 |a -v. 9, no. 2 (May 2002). 
506 |a License restrictions may limit access. 
515 |a Vol. 9, no. 3 never published. 
550 |a Published by: Korean Society for Computational & Applied Mathematice and Korean SIGCAM, -2002. 
588 |a Description based on: V. 4 No. 1 (Mar. 1997); title from pdf caption (viewed October 18, 2016, ProQuest database). 
588 |a Latest issue consulted: V. 9 No. 2 (May 2002)(viewed October 18, 2016). 
650 0 |a Mathematics  |v Periodicals. 
650 7 |a Mathematics.  |2 fast  |0 (OCoLC)fst01012163 
655 0 |a Electronic journals. 
710 2 |a Hanʼguk Chŏnsan Ŭngyong Suhakhoe. 
710 2 |a Korean SIGCAM. 
776 0 8 |i Print version:  |t Korean journal of computational & applied mathematics  |x 1229-9499 
785 0 0 |t Journal of applied mathematics and computing  |x 1865-2085  |w (OCoLC)213487905 
856 4 0 |z Full text available from Research Library: 03/01/1997 to 2002  |u https://search.proquest.com/publication/54415